000 00929cam a2200253 4500
001 sa 68018105
003 DLC
005 20260227112708.0
008 710907s1963 ii 100 0 eng
010 _asa 68018105
025 _aPL480:I-E-10775
040 _aDLC
_cDLC
_dDLC
043 _aa-ii---
050 0 0 _aLC2322
_b.G4 1963
111 2 _aGeneral Education Seminar,
_cS.N.D.T. Women's University,
_d1963.
245 1 0 _aReport on General Education Seminar, October 11th to 14th, 1963.
260 _aBombay,
_bS.N.D.T. Women's University
_c[1963?]
300 _a124 p.
_c28 cm.
500 _a"Sponsored by the S.N.D.T. Women's University with the help of the University Grants Commission."
650 0 _aWomen
_xEducation
_zIndia
_xCongresses.
650 0 _aGeneral education
_zIndia
_xCongresses.
710 2 _aShreemati Nathibai Damodar Thackersey Women's University.
710 1 _aIndia.
_bUniversity Grants Commission.
999 _c88181
_d88181